000 01351nam a2200253Ia 4500
999 _c56116
_d56116
001 23217
003 GE_BSU
005 20251002145101.0
008 181216s1965||||ge |||||||||||||| ||geo||
040 _cGE_BSU
041 _ageo
080 _a94(479.22) ბ-57
100 _aბერძენიშვილი, ნიკოლოზ
_925922
245 _aსაქართველოს ისტორიის საკითხები : წიგნი2 = Вопросы истории Грузии /
_cნიკოლოზ ბერძენიშვილი ; რედ. : გ. აკოფაშვილი.
250 _aივანე ჯავახიშვილის სახ. ისტორიის, არქეოლოგიის და ეთნოგრაფიის ინ-ტი.
264 _aთბილისი :
_bმეცნიერება,
_c1965.
300 _a513 გვ. ;
_c22 სმ.
541 _h4ლ.68თ.
546 _aტექსტი ქართ. და რუს. ენებზე
653 _aსაქართველოს ისტორია
653 _aსაქართველოს ისტორიის საკითხები : წიგნი2
700 _aკოფაშვილი, გ.
_eრედაქტორი
_925923
942 _cBK
_2udc